000 01004nam a22001817a 4500
003 OSt
005 20251116160907.0
008 251116b |||||||| |||| 00| 0 eng d
040 _cDCL
082 _a၂၉၄.၃၈၂၃၅၁
130 _aတိပိဋက။
_pသုတ္တန္တပိဋက။
_pခုဒ္ဒကနိကာယ။
_tခုဒ္ဒကပါဌ၊
_lပါဠိတော်၊
_sနိဿယ။
245 _aခုဒ္ဒကပါဌ ပါဠိတော်နိဿယ /
_cအရှင်ဇာဂရမထေရ်။
264 _aမန္တလေး ၊
_bမန္တလေးတောင်ပိဋကတ် စာပုံနှိပ်တိုက်၊
_c၁၉၃၆။
300 _a၂၀ စာမျက်နှာ ၊
_c၂၅ စင်တီ။
650 _aခုဒ္ဒကပါဌ
_vပါဠိတော်နိဿယ။
700 _aဇာဂရမထေရ်၊ အရှင်
942 _2ddc
_cSHORT TERM
_n0
999 _c2479
_d2479